Bude společná zemědělská politika překážkou? Východní rozšíření Evropské unie
Základné myšlienky nemeckého profesora Tangermanna - odborníka na poľnohospodársku ekonómiu. Východné rozšírenie EÚ a prispôsobenie sa spoločnej poľnohospodárskej politike EÚ. Význam poľnohospodárstva a poľnohospodárskej politiky v krajinách strednej a východnej Európy. Poľnohospodárske trhy EÚ. Pot...
Salvato in:
| Autore principale: | |
|---|---|
| Natura: | Capitolo di libro |
| Lingua: | ceco |
| Soggetti: | |
| Tags: |
Nessun Tag, puoi essere il primo ad aggiungerne!!
|
MARC
| LEADER | 00000naa a2200000 4500 | ||
|---|---|---|---|
| 001 | r019076 | ||
| 005 | 20221208130708.1 | ||
| 041 | 0 | |a cze | |
| 044 | |a CZ | ||
| 245 | 1 | 0 | |a Bude společná zemědělská politika překážkou? |b Východní rozšíření Evropské unie |c Jaroslav Jakš |
| 520 | |a Základné myšlienky nemeckého profesora Tangermanna - odborníka na poľnohospodársku ekonómiu. Východné rozšírenie EÚ a prispôsobenie sa spoločnej poľnohospodárskej politike EÚ. Význam poľnohospodárstva a poľnohospodárskej politiky v krajinách strednej a východnej Európy. Poľnohospodárske trhy EÚ. Potreba reformy poľnohosp. politiky EÚ ešte pred vstupom krajín strednej a východnej Európy do EÚ. | ||
| 610 | 2 | 0 | |a politika poľnohospodárska |
| 610 | 2 | 0 | |a poľnohospodárstvo |
| 610 | 2 | 0 | |a stredná Európa |
| 610 | 2 | 0 | |a východná Európa |
| 610 | 2 | 0 | |a Európska únia |
| 100 | 1 | |a Jakš, Jaroslav | |